| 000 | 00699nam a2200181Ia 4500 | ||
|---|---|---|---|
| 008 | 100920s9999 xx 000 0 und d | ||
| 082 |
_b37734 _a410 थ 77 |
||
| 100 | _aजावडेकर मुरलीधर. | ||
| 245 | _aसाहित्यातील प्रीती आणि भक्ती. | ||
| 260 |
_bनूतन प्रकाशन, पुणे. _c1977 |
||
| 300 |
_a249 _bसाधी |
||
| 365 | _b30 | ||
| 520 | _aभाषा. | ||
| 630 | _aसाहित्यातील प्रीती आणि भक्ती. | ||
| 650 | _aभाषा. | ||
| 730 | _aसाहित्यातील प्रीती आणि भक्ती. | ||
| 942 | _cBOOK | ||
| 999 |
_c690145 _d690142 |
||